| 000 | 00544nam a2200181 a 4500 | ||
|---|---|---|---|
| 001 | 000022809 | ||
| 005 | 20200930021818.0 | ||
| 008 | 101118s1970 ve r 000 0 spa d | ||
| 040 |
_aDO-SdBNP _bspa _cBNPHU |
||
| 082 |
_axxxx _bB666m |
||
| 100 | 1 |
_aBodard, Lucien _946861 |
|
| 245 | 1 | 0 |
_aMasacre de indios en el amazonas / _cLucien Bodard ; traducción Jorge Piatigorsky. |
| 260 |
_aCaracas : _bTiempo Nuevo, _c1970. |
||
| 300 |
_a392 p. ; _c19 cm. |
||
| 534 | _aLe massacre des indies | ||
| 700 | 1 |
_aPiatigorsky, Jorge _940936 |
|
| 049 | _aBNGR | ||
| 999 |
_c22306 _d22306 |
||